[Event "FIDE Open 2012"]
[Site "Voronezh (Russia)"]
[Date "2012.06.13"]
[Round "2.32"]
[White "Voronin, Maxim"]
[Black "Kasantsev, Anatolij B."]
[Result "0-1"]
[WhiteElo "1772"]
[BlackElo "2080"]
[Annotator ""]
[Source ""]
[Remark ""]

1.e4 c5 2.Nf3 e6 3.d4 cxd4 4.Nxd4 a6 5.Be3 Nf6 6.Nc3 Qc7 7.f3
Bb4 8.Qd3 d5 9.Bd2 e5 10.Nb3 d4 11.Ne2 Nc6 12.a3 Bxd2+ 13.Qxd2
O-O 14.g4 a5 15.Ng3 a4 16.Nc5 Na5 17.Nd3 Nc4 18.Qg5 h6 19.Qh4
Nxb2 20.g5 Qc3+ 21.Kf2 Qd2+ 22.Ne2 Nxd3+ 23.cxd3 hxg5 24.Qg3
Re8 25.h4 g4 26.Rg1 Qxd3 27.Re1 Qe3+ 28.Kg2 d3 29.Nc3 Qd2+ 30.Kh1
Qxc3 31.fxg4 0-1

[Event "FIDE Open 2012"]
[Site "Voronezh (Russia)"]
[Date "2012.06.13"]
[Round "2.34"]
[White "Bargandzhiya, Zaza"]
[Black "Shabunin, Danil"]
[Result "1-0"]
[WhiteElo "2070"]
[BlackElo "1722"]
[Annotator ""]
[Source ""]
[Remark ""]

1.e4 e5 2.Nf3 Nc6 3.Bb5 Nf6 4.O-O d6 5.Re1 Be7 6.c3 O-O 7.h3
a6 8.Bc4 b5 9.Bb3 Na5 10.Bc2 c5 11.d4 Qc7 12.d5 Re8 13.Nbd2 h6
14.Nf1 Bf8 15.Ng3 g6 16.a4 Bd7 17.b3 Rac8 18.axb5 axb5 19.Bd2
c4 20.b4 Nb7 21.Qc1 Kh7 22.Qa3 Rb8 23.Be3 Rec8 24.Ra2 Qd8 25.Rea1
Qe8 26.Qa6 Nd8 27.h4 Ng4 28.Bd2 Be7 29.h5 Qf8 30.Qa7 Rb7 31.Qa3
gxh5 32.Nxh5 f5 33.exf5 Bxf5 34.Qc1 e4 35.Ng3 Qf7 36.Qe1 Qxd5
37.Nxf5 Nf6 38.Ng3 1-0

[Event "FIDE Open 2012"]
[Site "Voronezh (Russia)"]
[Date "2012.06.13"]
[Round "2.35"]
[White "Parshin, Vitaly"]
[Black "Markevich, Arseniy"]
[Result "0-1"]
[WhiteElo "1765"]
[BlackElo "2033"]
[Annotator ""]
[Source ""]
[Remark ""]

1.e4 e6 2.d4 d5 3.e5 c5 4.c3 Nc6 5.Nf3 Qa5 6.dxc5 Qxc5 7.Bd3
Bd7 8.O-O f6 9.Re1 fxe5 10.Nxe5 Nxe5 11.Rxe5 Nf6 12.Qe2 Bd6 13.Rxe6+
Bxe6 14.Qxe6+ Kd8 15.Bg5 Kc7 16.Qf7+ Kc6 17.Qxg7 Bxh2+ 18.Kh1
Ng4 19.Qd4 Qxd4 20.cxd4 Nxf2+ 21.Kxh2 Nxd3 22.Nd2 Rhg8 23.Nf3
Nxb2 24.Rc1+ Nc4 25.Bf4 Raf8 26.Bg3 b5 27.Ne5+ Kb7 28.Nd7 Rf5
29.Nc5+ Kc6 30.Re1 Rh5+ 31.Kg1 Rxg3 0-1

[Event "FIDE Open 2012"]
[Site "Voronezh (Russia)"]
[Date "2012.06.13"]
[Round "2.36"]
[White "Polyansky, Viktor"]
[Black "Sychev, Victor"]
[Result "1-0"]
[WhiteElo "2009"]
[BlackElo "1708"]
[Annotator ""]
[Source ""]
[Remark ""]

1.d4 d5 2.Nc3 Nf6 3.Bg5 Nbd7 4.Nf3 h6 5.Bf4 c6 6.e3 e6 7.Bd3
Be7 8.g4 g5 9.Be5 Nxe5 10.Nxe5 Nd7 11.Qf3 Nxe5 12.dxe5 Qc7 13.Qg3
Bb4 14.O-O-O Bxc3 15.bxc3 Qa5 16.Kd2 c5 17.h4 gxh4 18.Rxh4 Bd7
19.g5 O-O-O 20.Rxh6 Rhg8 21.Rf6 d4 22.exd4 cxd4 23.f4 dxc3+ 24.Ke2
Be8 25.Rb1 b5 26.Qe3 Rd5 27.Be4 Rd2+ 28.Kf3 Qc7 29.Rb3 Rh8 30.Rh6
Rxh6 31.gxh6 Bc6 32.Rxc3 1-0

[Event "FIDE Open 2012"]
[Site "Voronezh (Russia)"]
[Date "2012.06.13"]
[Round "2.37"]
[White "Mikhailov, Artem"]
[Black "Grigorjev, Iljya"]
[Result "0-1"]
[WhiteElo "1720"]
[BlackElo "1987"]
[Annotator ""]
[Source ""]
[Remark ""]

1.e4 e5 2.Nf3 Nc6 3.d4 exd4 4.c3 d5 5.exd5 Qxd5 6.cxd4 Bg4 7.Be2
Bxf3 8.Bxf3 Qc4 9.Bxc6+ Qxc6 10.O-O O-O-O 11.Nc3 Nf6 12.Bg5 h6
13.d5 Qd7 14.Bxf6 gxf6 15.Qd4 Kb8 16.Qxf6 Rg8 17.Rfe1 Bg7 18.Qf3
Bxc3 19.Qxc3 Qxd5 20.g3 Qd6 21.Qb3 Qf6 22.Rad1 a6 23.Qc2 h5 24.Rc1
Rd7 25.Red1 Rgd8 26.Rxd7 Rxd7 27.Qa4 Qxb2 28.Qxd7 Qxc1+ 29.Kg2
Qc4 30.a3 b5 31.Qe8+ Kb7 32.Qe7 Qd5+ 33.Kf1 a5 34.h4 Qc4+ 35.Ke1
Qe6+ 36.Qxe6 fxe6 37.Kd2 Kc8 38.f3 Kd7 39.Kc3 c5 40.g4 hxg4 41.h5
g3 42.h6 g2 43.h7 g1Q 44.h8Q Qa1+ 0-1

[Event "FIDE Open 2012"]
[Site "Voronezh (Russia)"]
[Date "2012.06.13"]
[Round "2.38"]
[White "Alieva, Alexandra"]
[Black "Shuvalova, Polina"]
[Result "0-1"]
[WhiteElo "1970"]
[BlackElo "1702"]
[Annotator ""]
[Source ""]
[Remark ""]

1.e4 c5 2.c3 g6 3.d4 cxd4 4.cxd4 d5 5.e5 Nc6 6.Nf3 Bg4 7.Bb5
Nh6 8.Nc3 Nf5 9.Be3 Bg7 10.h3 Bxf3 11.Qxf3 e6 12.O-O O-O 13.Bxc6
bxc6 14.Na4 Rb8 15.b3 Rb4 16.Rfd1 f6 17.Nc5 Qc8 18.a3 Rb5 19.exf6
Bxf6 20.Bf4 h6 21.Qg4 Kg7 22.Rac1 a5 23.a4 Rb4 24.Bd2 Rxd4 25.Qe2
Re8 26.Bxa5 Rxd1+ 27.Qxd1 d4 28.Ne4 Qd7 29.Nxf6 Kxf6 30.g4 Nh4
31.Rc5 e5 32.Qc1 Kg7 33.Qc4 Re6 34.Qe2 d3 35.Qe3 d2 36.Bxd2 Qxd2
37.Rxe5 Nf3+ 38.Kg2 Rxe5 0-1

[Event "FIDE Open 2012"]
[Site "Voronezh (Russia)"]
[Date "2012.06.13"]
[Round "2.39"]
[White "Soloviova, Adelia"]
[Black "Gerasko, Viacheslav"]
[Result "0-1"]
[WhiteElo "1704"]
[BlackElo "1964"]
[Annotator ""]
[Source ""]
[Remark ""]

1.e4 c5 2.Nc3 Nc6 3.g3 Nf6 4.Bg2 g6 5.Nge2 Bg7 6.d3 d6 7.O-O
O-O 8.h3 Bd7 9.Be3 h6 10.Qd2 Kh7 11.f4 Qc8 12.Kh2 a6 13.g4 e6
14.Qe1 Nd4 15.Qd2 Nc6 16.Ng3 Rb8 17.e5 dxe5 18.Bxc5 exf4 19.Qxf4
Re8 20.Bd6 e5 21.Qf2 Ra8 22.Na4 Qd8 23.Bf3 Bxg4 24.Bxg4 Qxd6
25.Nc3 Re7 26.Bf3 Nd4 27.Bg2 Rc8 28.Nce4 Nxe4 29.Nxe4 Qc7 30.c3
Ne6 31.Kh1 f5 32.Ng3 Nf4 33.Rad1 Rd7 34.Qc2 Rcd8 35.Rf3 e4 36.Re3
Nxd3 37.Kg1 Bd4 38.Qe2 Nf4 39.Qf2 Bxe3 40.Qxe3 Rxd1+ 41.Kh2 R8d2 0-1

[Event "FIDE Open 2012"]
[Site "Voronezh (Russia)"]
[Date "2012.06.13"]
[Round "2.40"]
[White "Mokshin, Maksim"]
[Black "Kostin, Yury"]
[Result "1-0"]
[WhiteElo "1948"]
[BlackElo "1688"]
[Annotator ""]
[Source ""]
[Remark ""]

1.e4 e5 2.Nf3 Nc6 3.Bb5 a6 4.Ba4 Nf6 5.O-O Bc5 6.d3 d6 7.Bg5
Bg4 8.c3 O-O 9.h3 Be6 10.d4 exd4 11.cxd4 b5 12.Bc2 Bc4 13.dxc5
Bxf1 14.Qxf1 dxc5 15.e5 h6 16.Bxf6 gxf6 17.Be4 Nxe5 18.Bxa8 Qxa8
19.Nxe5 fxe5 20.Qe2 f6 21.Nc3 Rf7 22.Rd1 Rg7 23.Qe4 c6 24.Qf5
Qe8 25.Ne4 1-0

[Event "FIDE Open 2012"]
[Site "Voronezh (Russia)"]
[Date "2012.06.13"]
[Round "2.41"]
[White "Moiseenko, Andrey"]
[Black "Pilchuk, Mikhail"]
[Result "0-1"]
[WhiteElo "1696"]
[BlackElo "1927"]
[Annotator ""]
[Source ""]
[Remark ""]

1.d4 Nf6 2.c4 g6 3.f3 Bg7 4.e4 d6 5.Nc3 O-O 6.Be3 e6 7.Nge2 Nc6
8.Qd2 e5 9.d5 Ne7 10.O-O-O a6 11.Kb1 Bd7 12.c5 Bb5 13.Nc1 Qd7
14.Nd3 Ba4 15.Nxa4 Qxa4 16.Rc1 Ne8 17.Be2 f5 18.b3 Qd7 19.Nb4
Qd8 20.Nc2 Nf6 21.Bd3 fxe4 22.fxe4 Ng4 23.Bg1 Bh6 24.Ne3 Nc8
25.h3 Qh4 26.cxd6 Nxd6 27.Qe1 Nf2 28.Bxf2 Rxf2 29.Ng4 Bxc1 30.Qxf2
Qxf2 31.Nxf2 Bf4 32.Ng4 Kg7 33.Rg1 h5 34.g3 hxg4 35.gxf4 gxh3
36.fxe5 Nf7 37.Rh1 Rh8 38.Bf1 h2 39.e6 Ne5 40.Be2 g5 41.Kc1 g4
42.Bf1 g3 43.Kd2 Ng4 44.Ke2 Nf2 45.Bg2 Nxh1 46.Bxh1 Kf6 47.Kf3 0-1

[Event "FIDE Open 2012"]
[Site "Voronezh (Russia)"]
[Date "2012.06.13"]
[Round "2.44"]
[White "Savenko, Ivan"]
[Black "Krekoten, Vladimir"]
[Result "1-0"]
[WhiteElo "1634"]
[BlackElo "1904"]
[Annotator ""]
[Source ""]
[Remark ""]

1.Nf3 c6 2.d4 d5 3.Bf4 Nf6 4.h3 Nh5 5.Bh2 Qb6 6.b3 a5 7.e3 a4
8.Bd3 Nf6 9.O-O Ne4 10.Bxe4 dxe4 11.Ne5 g6 12.Nc3 axb3 13.axb3
Rxa1 14.Qxa1 Na6 15.Nd5 cxd5 16.Qa4+ 1-0

[Event "FIDE Open 2012"]
[Site "Voronezh (Russia)"]
[Date "2012.06.13"]
[Round "2.46"]
[White "Bezgodova, Tatiana"]
[Black "Zhileykin, Andrey"]
[Result "0-1"]
[WhiteElo "1551"]
[BlackElo "1889"]
[Annotator ""]
[Source ""]
[Remark ""]

1.e4 e5 2.Nf3 Nf6 3.Nc3 d6 4.d4 Nbd7 5.dxe5 dxe5 6.Bg5 Be7 7.Qd2
O-O 8.O-O-O c6 9.Bc4 b5 10.Bd3 Qc7 11.a3 a5 12.Qe2 b4 13.axb4
axb4 14.Nb1 Ra1 15.Kd2 Nc5 16.Ke1 Rd8 17.h4 Nxd3+ 18.cxd3 Ba6
19.Qc2 Qa5 20.Bxf6 b3+ 21.Qc3 Bb4 22.Bxd8 Bxc3+ 23.Nxc3 Rxd1+
24.Kxd1 Qa1+ 0-1

[Event "FIDE Open 2012"]
[Site "Voronezh (Russia)"]
[Date "2012.06.14"]
[Round "3.1"]
[White "Khoroshilov, Nikita"]
[Black "Khazieva, Elza"]
[Result "1-0"]
[WhiteElo "2223"]
[BlackElo "2068"]
[Annotator ""]
[Source ""]
[Remark ""]

1. Nf3 c5 2. e4 e6 3. d3 d5 4. Nbd2 Nf6 5. g3 Nc6 6. Bg2 Be7 7. O-O Qc7 8. c3 b6 
9. Re1 Bb7 10. a3 O-O-O 11. b4 h5 12. b5 Nb8 13. Qa4 Ba8 14. exd5 Bxd5 15. Nc4 Qb7 
16. Bf4 Nbd7 17. Ncd2 Qa8 18. Qd1 Ng4 19. h3 g5 20. c4 Bb7 21. Bxg5 Bxg5 
22. Nxg5 Bxg2 23. f3 Nge5 24. Kxg2 Rhg8 25. h4 Nxd3 26. Re3 N7e5 27. Qe2 f6 
28. Nxe6 Rd6 29. Kh3 Qb7 30. f4 Ng4 31. Rf3 Re8 32. f5 Nde5 33. Rc3 Qd7 34. Ne4 Rd3
35. Rxd3 Qxd3 36. Qxd3 Nxd3 37. Nd6+ Kd7 38. Nxe8 Kxe8 39. Ng7+ Kf7 40. Nxh5 Ne3 
41. g4 Nxc4 42. g5 Ne3 43. g6+ Kf8 44. Nxf6 c4 45. Ne4 1-0

[Event "FIDE Open 2012"]
[Site "Voronezh (Russia)"]
[Date "2012.06.14"]
[Round "3.2"]
[White "Zhukov, Viktor"]
[Black "Skomorohov, Grigorij"]
[Result "0-1"]
[WhiteElo "2077"]
[BlackElo "2217"]
[Annotator ""]
[Source ""]
[Remark ""]

1. e4 c5 2. Nf3 Nc6 3. Bb5 g6 4. O-O Bg7 5. c3 Nf6 6. Re1 O-O 7. h3 a6 8. Ba4 b5
9. Bc2 d5 10. e5 Ne8 11. d4 cxd4 12. cxd4 Nc7 13. Nc3 b4 14. Ne2 Ne6 15. Be3 Na5
16. b3 Bd7 17. h4 Qb6 18. h5 Rfc8 19. hxg6 hxg6 20. Qd2 Rc7 21. Rac1 Rac8 
22. Bb1 Nb7 23. Nh4 Rxc1 24. Rxc1 Rxc1+ 25. Nxc1 a5 26. f4 Nf8 27. Ne2 Nd8 
28. f5 gxf5 29. Bxf5 Qc6 30. Qe1 Bxf5 31. Nxf5 Ng6 32. Nf4 Qd7 33. Nxg7 Kxg7 
34. Nxg6 fxg6 35. Qh4 Nf7 36. Bg5 Nxg5 37. Qxg5 Qe6 38. Kf2 Kf7 39. Kf3 Qc6 
40. Qf4+ Kg7 41. Qd2 Qb5 42. Kf2 Qd7 43. Qc2 Kf7 44. Qc5 Qf5+ 45. Kg1 Qe4 
46. Kh2 Qh4+ 47. Kg1 Qe1+ 48. Kh2 Qe4 49. Kh3 g5 50. g3 Qf5+ 51. Kg2 Qe4+
52. Kh3 Qf3 53. Qc2 Qh1+ 54. Kg4 Qe4+ 55. Qxe4 dxe4 56. d5 Kg6 57. d6 exd6
58. exd6 Kf6 59. Kh3 0-1

[Event "FIDE Open 2012"]
[Site "Voronezh (Russia)"]
[Date "2012.06.14"]
[Round "3.3"]
[White "Grishchenko, Vladimir"]
[Black "Talipov, Nafis"]
[Result "0-1"]
[WhiteElo "2069"]
[BlackElo "2160"]
[Annotator ""]
[Source ""]
[Remark ""]

1. e4 d6 2. d3 e5 3. Nd2 Nc6 4. g3 Be6 5. Ngf3 Be7 6. Bg2 Qd7 7. h3 O-O-O 8. c4 f5
9. a3 g5 10. b4 g4 11. hxg4 fxg4 12. Nh4 Nd4 13. Bb2 c6 14. Bxd4 exd4 15. Rc1 Kb8 
16. a4 Bg5 17. Ra1 Qf7 18. a5 Ne7 19. a6 b6 20. b5 cxb5 21. cxb5 Rc8 22. Nf5 Nxf5 
23. exf5 Bxf5 24. O-O h5 25. Nc4 Rxc4 26. dxc4 d3 27. Bd5 Qg7 28. f4 Qd4+ 29. Rf2 Bf6
30. Raa2 h4 31. Kg2 hxg3 32. Kxg3 Qe3+ 33. Kg2 Qh3+ 34. Kg1 Bd4 35. Bg2 Qh2+
36. Kf1 Qh1+ 37. Bxh1 Rxh1+ 38. Kg2 Be4+ 39. Kg3 Bxf2+ 40. Rxf2 Rxd1 41. f5 d2
42. Kf4 g3 0-1

[Event "FIDE Open 2012"]
[Site "Voronezh (Russia)"]
[Date "2012.06.14"]
[Round "3.4"]
[White "Makarkin, Zhan"]
[Black "Alkaev, Roman"]
[Result "0-1"]
[WhiteElo "2126"]
[BlackElo "2066"]
[Annotator ""]
[Source ""]
[Remark ""]

1. e4 e5 2. Nf3 Nc6 3. Bb5 f5 4. d3 fxe4 5. dxe4 Nf6 6. O-O Bc5 7. Bg5 d6 8. Nc3 O-O 
9. Na4 Bb6 10. Nxb6 axb6 11. c3 Qe8 12. Qd3 Kh8 13. a3 Qg6 14. Bxf6 Qxf6 15. Nd2 Ne7 
16. f3 Qg5 17. Kh1 Ng6 18. g3 Bh3 19. Rf2 Rf6 20. Rg1 Raf8 21. Ba4 Qh6 22. Bd1 Ne7
23. Nc4 Be6 24. Ne3 g5 25. Rff1 Bh3 26. Ng4 Bxg4 27. fxg4 Rf2 28. Rxf2 Rxf2 29. Rg2 Qf6 
30. Kg1 Rxg2+ 31. Kxg2 Qe6 32. Qd2 Qg6 33. Bf3 Kg7 34. Qe2 Nc6 35. Qc4 Qf7 36. Qxf7+ Kxf7 
37. Be2 Nb8 38. Bc4+ Ke7 39. Kf3 Nd7 40. b4 Nf6 41. Bb3 c6 42. c4 Nd7 43. Ke3 Nf8
44. h3 Ne6 45. Kd3 Nd4 46. Bd1 b5 47. cxb5 Nxb5 48. a4 Nd4 49. Kc4 Ke6 50. a5 Kd7 
51. h4 h6 52. hxg5 hxg5 53. Kd3 Kc7 54. Ke3 Kb8 55. Kd3 Ka7 56. Ke3 Ka6 57. Ba4 c5 0-1

[Event "FIDE Open 2012"]
[Site "Voronezh (Russia)"]
[Date "2012.06.14"]
[Round "3.5"]
[White "Kozhevnikov, Ivan"]
[Black "Fadin, Evgeny"]
[Result "0-1"]
[WhiteElo "2068"]
[BlackElo "2122"]
[Annotator ""]
[Source ""]
[Remark ""]

1. e4 c5 2. Nf3 Nc6 3. d4 cxd4 4. Nxd4 Nf6 5. Nc3 e5 6. Ndb5 d6 7. Bg5 a6
8. Na3 b5 9. Nd5 Be7 10. Bxf6 Bxf6 11. c3 O-O 12. Nc2 Bg5 13. h4 Bh6
14. g3 Ne7 15. Ncb4 Bb7 16. Bg2 Kh8 17. O-O f5 18. Nxe7 Qxe7 19. exf5 Bxg2
20. Kxg2 Rxf5 21. Qd5 Raf8 22. Rad1 e4 23. Nc6 Qe8 24. Qxf5 Rxf5 25. Rxd6 Rf8
26. Rfd1 Qf7 27. f4 exf3+ 28. Kf2 Qc4 29. Nd4 g6 30. Re1 Qxa2 31. Nxf3 Qxb2+
32. Re2 Qxc3 0-1

[Event "FIDE Open 2012"]
[Site "Voronezh (Russia)"]
[Date "2012.06.14"]
[Round "3.6"]
[White "Bezgodova, Svetlana"]
[Black "Orekhov, Nikolai"]
[Result "1/2-1/2"]
[WhiteElo "2120"]
[BlackElo "2038"]
[Annotator ""]
[Source ""]
[Remark ""]

1.e4 e6 2.d3 d5 3.Nd2 c5 4.Ngf3 Nf6 5.Be2 g6 6.O-O Bg7 7.c3 O-O
8.Re1 Nc6 9.Qc2 a5 10.a4 b6 11.Nf1 Ba6 12.Ng3 d4 13.cxd4 Nb4
14.Qb3 cxd4 15.Bd2 Nc6 16.h4 Nd7 17.h5 Nc5 18.Qa3 Nb4 19.h6 Bh8
20.Bxb4 axb4 21.Qxb4 Bxd3 22.e5 Bxe2 23.Rxe2 d3 24.Re3 f6 25.exf6
Bxf6 26.Ne4 Be7 27.Qc4 Rf4 28.Nfd2 Qd5 29.Nf6+ Rxf6 30.Qxd5 exd5
31.Rxe7 g5 32.Re5 Rxh6 33.Rxg5+ Kh8 34.Rxd5 Rxa4 35.Re1 Rah4
36.Re8+ Kg7 37.f3 Rh1+ 38.Kf2 Rd1 39.Nf1 Rb1 40.Ne3 Rxb2+ 41.Kg3
Rg6+ 42.Ng4 Re2 43.Rc8 Re7 44.Kh2 Rge6 45.Nf2 Rh6+ 46.Nh3 Rf6
47.Nf2 Rh6+ 48.Nh3 1/2-1/2

[Event "FIDE Open 2012"]
[Site "Voronezh (Russia)"]
[Date "2012.06.14"]
[Round "3.7"]
[White "Katkov, Vitaly"]
[Black "Purtov, Konstantin"]
[Result "1-0"]
[WhiteElo "2066"]
[BlackElo "2083"]
[Annotator ""]
[Source ""]
[Remark ""]

1.Nf3 d5 2.d4 Nf6 3.c4 e6 4.Bg5 Be7 5.e3 h6 6.Bh4 Ne4 7.Bxe7
Qxe7 8.Nbd2 Nxd2 9.Qxd2 O-O 10.Rc1 c6 11.a3 Nd7 12.cxd5 exd5
13.Bd3 a5 14.O-O Qd6 15.b4 axb4 16.axb4 b6 17.Ra1 Bb7 18.Qc3
Rxa1 19.Rxa1 Ra8 20.Rxa8+ Bxa8 21.Bf5 Nf8 22.Qa3 Qb8 23.g3 Bb7
24.Ne5 g6 25.Bh3 f6 26.Nd3 Qa8 27.Qxa8 Bxa8 28.Bc8 Kf7 29.Nb2
b5 30.Nd3 Ke7 31.Nc5 Kd8 32.Bh3 Kc7 33.Kg2 Bb7 34.Kf3 Bc8 35.Bxc8
Kxc8 36.h4 h5 37.g4 hxg4+ 38.Kxg4 Kd8 39.f4 f5+ 40.Kg5 Ke7 41.Nd3
Kf7 42.Kh6 Nd7 43.Ne5+ Nxe5 44.fxe5 c5 45.dxc5 d4 46.exd4 f4
47.c6 Ke7 48.d5 f3 49.d6+ Kd8 50.e6 f2 51.e7+ Ke8 1-0

[Event "FIDE Open 2012"]
[Site "Voronezh (Russia)"]
[Date "2012.06.14"]
[Round "3.8"]
[White "Grachev, Andrey"]
[Black "Natacheev, Peter"]
[Result "0-1"]
[WhiteElo "1996"]
[BlackElo "2230"]
[Annotator ""]
[Source ""]
[Remark ""]

1.e4 d5 2.exd5 Qxd5 3.Nc3 Qa5 4.d4 Nf6 5.Nf3 Bg4 6.h3 Bh5 7.g4
Bg6 8.Ne5 Nbd7 9.Nxg6 hxg6 10.Bg2 c6 11.Bf4 e6 12.O-O Nd5 13.Nxd5
cxd5 14.c4 dxc4 15.Qe2 Qa6 16.d5 Nc5 17.Be3 O-O-O 18.Bxc5 Bxc5
19.dxe6 Qxe6 20.Qf3 Rd7 21.Rac1 Kb8 22.b3 Qf6 23.Qe4 c3 24.Rcd1
Rc7 25.a4 Qe7 26.Qc2 Re8 27.Rd3 Qe5 28.Rc1 Rec8 29.Rd5 Qf4 30.Re1
Bb6 31.a5 Bc5 32.Rd3 a6 33.Rdd1 Qb4 34.Re4 Qxa5 35.Ree1 0-1

[Event "FIDE Open 2012"]
[Site "Voronezh (Russia)"]
[Date "2012.06.14"]
[Round "3.9"]
[White "Filippov, Ivan"]
[Black "Kubatko, Ivan"]
[Result "1/2-1/2"]
[WhiteElo "2035"]
[BlackElo "2229"]
[Annotator ""]
[Source ""]
[Remark ""]

1.d4 d5 2.Nf3 c5 3.Nc3 Nf6 4.e3 a6 5.Ne5 Nc6 6.Be2 Qc7 7.f4 Bf5
8.a3 e6 9.Bf3 cxd4 10.exd4 Qb6 11.Ne2 Rc8 12.c3 Be7 13.Ng3 Bg6
14.Qe2 Na5 15.Be3 Qc7 16.O-O Nc4 17.Bc1 Nd6 18.Re1 O-O 19.Be3
Rfe8 20.Kh1 a5 21.a4 Bf8 22.Rg1 Be4 23.Nh5 Nxh5 24.Bxh5 g6 25.Bf3
f6 26.Nd3 b6 27.Nf2 f5 28.Nd3 Bxf3 29.gxf3 Kh8 30.Ne5 Nc4 31.Rg3
Nxe5 32.fxe5 Qf7 33.Bg5 Be7 34.f4 1/2-1/2

[Event "FIDE Open 2012"]
[Site "Voronezh (Russia)"]
[Date "2012.06.14"]
[Round "3.10"]
[White "Kalinin, Nikita"]
[Black "Avtsynov, Artyom"]
[Result "1-0"]
[WhiteElo "2199"]
[BlackElo "2033"]
[Annotator ""]
[Source ""]
[Remark ""]

1.e4 d6 2.Nc3 Nf6 3.g3 g6 4.Bg2 Bg7 5.Nh3 O-O 6.O-O e5 7.f4 Nc6
8.Nf2 Be6 9.d3 d5 10.fxe5 Nxe5 11.d4 Neg4 12.Bg5 Qd7 13.exd5
Bf5 14.h3 Nxf2 15.Rxf2 h5 16.Kh2 Rae8 17.Bxf6 Bxf6 18.Qd2 c6
19.g4 hxg4 20.hxg4 Qd6+ 21.Kg1 Bxg4 22.Ne4 Rxe4 23.Bxe4 cxd5
24.Bg2 Bh4 25.Rff1 Bg3 26.Qg5 f5 27.Bf3 Bh2+ 28.Kh1 Bf4 29.Qxf4 1-0

[Event "FIDE Open 2012"]
[Site "Voronezh (Russia)"]
[Date "2012.06.14"]
[Round "3.11"]
[White "Torshin, Anton"]
[Black "Ioffe, Evgeny"]
[Result "1/2-1/2"]
[WhiteElo "2135"]
[BlackElo "2046"]
[Annotator ""]
[Source ""]
[Remark ""]

1.e4 c6 2.d4 d5 3.e5 Bf5 4.Nd2 e6 5.Nb3 Nd7 6.Nf3 Ne7 7.Be2 c5
8.c3 Nc6 9.O-O Be7 10.Be3 Bg4 11.Ne1 Bxe2 12.Qxe2 cxd4 13.cxd4
h5 14.Nd3 Qb6 15.f4 g6 16.Rac1 O-O-O 17.Ndc5 Kb8 18.Rc3 Nxc5
19.Nxc5 Bxc5 20.Rxc5 Rc8 21.b3 a6 22.Rfc1 Ne7 23.Bd2 Rxc5 24.Rxc5
Nc6 25.Bc3 Rc8 26.Qd2 Qd8 27.Bb2 b6 28.Rc1 Kb7 29.Ba3 Na7 30.Bb2
Rxc1+ 31.Bxc1 Qc7 32.a4 Qe7 33.Qb2 Nc6 34.Bd2 Qh4 35.h3 Qd8 36.Qc3
Qe7 37.Qb2 Qc7 38.Bc3 Ne7 39.Qd2 h4 40.Bb4 Nf5 41.Bc3 Qc6 42.Kh2
a5 43.Qd3 Ng3 44.Bb2 Qc8 45.Qb5 Nf5 46.Qd3 Qd7 47.Bc3 Qe8 48.Be1
Qc8 49.Bd2 Ka7 50.Qb5 Nxd4 51.Qd3 Nf5 52.Qb5 Ne7 53.Be3 Qa6 54.Qe8
Qb7 55.b4 Nf5 56.Bd2 axb4 57.Qb5 d4 58.a5 Ne3 59.axb6+ Qxb6 60.Qa4+
Kb7 61.Qd7+ Qc7 62.Qb5+ 1/2-1/2

[Event "FIDE Open 2012"]
[Site "Voronezh (Russia)"]
[Date "2012.06.14"]
[Round "3.13"]
[White "Aminov, Andrey"]
[Black "Karavaeva, Nadezhda"]
[Result "1-0"]
[WhiteElo "2112"]
[BlackElo "2027"]
[Annotator ""]
[Source ""]
[Remark ""]

1.e4 c5 2.Nf3 e6 3.Qe2 Nc6 4.g3 g6 5.Bg2 Bg7 6.O-O Nge7 7.d3
d5 8.Nbd2 O-O 9.c3 b6 10.Re1 dxe4 11.dxe4 e5 12.Nf1 Qc7 13.Ne3
Rd8 14.h4 Bb7 15.h5 Nb8 16.Ng4 Ba6 17.Qe3 Nd7 18.Nh6+ Kf8 19.Ng5
Bc4 20.Nxh7+ Ke8 21.hxg6 fxg6 22.Qg5 Nf8 23.Nf6+ Bxf6 24.Qxf6
Qd6 25.Qh4 Ne6 26.Ng4 Kd7 27.Bg5 Rh8 28.Bxe7 Rxh4 29.Bxd6 Rxg4
30.Bxe5 Rg5 31.f4 Rh5 32.b3 Ba6 33.Bf3 Rh7 34.Rad1+ Ke7 35.f5
Ng5 36.Bg4 Kf8 37.fxg6 Rh6 38.g7+ Kg8 39.Rd7 Nf7 40.Bf4 Rg6 41.Bf5
Rxg7 42.e5 Bc8 43.Be4 Bxd7 44.Bxa8 Be6 45.c4 Kf8 46.Kf2 Rh7 47.Rh1
Rxh1 48.Bxh1 Bf5 49.Ke3 Bb1 50.e6 Nd8 51.Bd6+ Ke8 52.e7 1-0

[Event "FIDE Open 2012"]
[Site "Voronezh (Russia)"]
[Date "2012.06.14"]
[Round "3.14"]
[White "Popov, Kirill"]
[Black "Volkov, Sergei"]
[Result "1/2-1/2"]
[WhiteElo "1983"]
[BlackElo "2107"]
[Annotator ""]
[Source ""]
[Remark ""]

1.e4 c5 2.Nf3 d6 3.d4 cxd4 4.Nxd4 Nf6 5.Nc3 a6 6.Be3 e5 7.Nf3
Qc7 8.a4 b6 9.Nd5 Nxd5 10.Qxd5 Bb7 11.Qb3 Bxe4 12.Ng5 Bg6 13.Bc4
Nc6 14.Bxb6 Qd7 15.Qf3 Rb8 16.Bxf7+ Bxf7 17.Nxf7 e4 18.Qxe4+
Kxf7 19.Qf3+ Ke8 20.O-O Be7 21.a5 Ne5 22.Qg3 Qg4 23.Qb3 Qe4 24.Qg3
Kf7 25.b3 Qg4 26.f4 Qxg3 27.fxe5+ Ke6 28.hxg3 dxe5 29.Rad1 Rhc8
30.Rd2 Rc3 31.Re1 Bf6 32.Kh2 Rbc8 33.Red1 R8c6 34.b4 Rxc2 35.Bc5
Rxd2 36.Rxd2 Be7 37.Bxe7 Kxe7 38.Rb2 Kf6 39.b5 axb5 40.Rxb5 Rc3
41.Rb6+ Kf5 1/2-1/2

[Event "FIDE Open 2012"]
[Site "Voronezh (Russia)"]
[Date "2012.06.14"]
[Round "3.15"]
[White "Popov, Andrey"]
[Black "Maksimov, Dmitri"]
[Result "1-0"]
[WhiteElo "2094"]
[BlackElo "2007"]
[Annotator ""]
[Source ""]
[Remark ""]

1.e4 c5 2.Nf3 e6 3.d4 cxd4 4.Nxd4 Nc6 5.Nxc6 bxc6 6.Bd3 Nf6 7.O-O
d5 8.Nd2 Be7 9.c4 O-O 10.b3 Bb7 11.Bb2 a5 12.a3 Qb6 13.Rb1 Rfd8
14.Qe2 Rd7 15.Nf3 dxe4 16.Bxe4 Nxe4 17.Qxe4 Rad8 18.Ne5 Rd2 19.Qg4
Bf8 20.Bc3 Rc2 21.Nxf7 Kxf7 22.Qh5+ Kg8 23.Bxa5 Rd5 24.Qxd5 cxd5
25.Bxb6 dxc4 26.b4 Bd5 27.Bc5 Rc3 28.Bxf8 Kxf8 29.a4 Ke7 30.b5
Kd7 31.b6 Kc8 32.a5 Kb7 33.Ra1 Ka6 34.Rfb1 Rb3 35.Rxb3 cxb3 36.Rb1
Kxa5 37.Rxb3 Ka6 38.Rb2 h6 39.f3 g5 40.Kf2 1-0

[Event "FIDE Open 2012"]
[Site "Voronezh (Russia)"]
[Date "2012.06.14"]
[Round "3.16"]
[White "Stepanischev, Anton"]
[Black "Kalinin, Ivan"]
[Result "0-1"]
[WhiteElo "1913"]
[BlackElo "2088"]
[Annotator ""]
[Source ""]
[Remark ""]

1.e4 e6 2.d4 d5 3.e5 c5 4.c3 Qb6 5.Nf3 Nc6 6.a3 Bd7 7.b4 cxd4
8.cxd4 Rc8 9.Be3 Nh6 10.Nbd2 Nf5 11.Bd3 Nxe3 12.fxe3 Be7 13.O-O
O-O 14.Nb3 Nb8 15.Nc5 Bb5 16.Ne1 Qc6 17.Rc1 b6 18.Nb3 Qd7 19.Rxc8
Rxc8 20.Bxh7+ Kxh7 21.Qh5+ Kg8 22.Qxf7+ Kh7 23.Rf3 Bg5 24.Qh5+
Bh6 25.Rf7 Qe8 26.Qf3 Nc6 27.h4 Kg8 28.Rf4 Bxf4 29.exf4 Bc4 30.f5
Bxb3 31.f6 Nxd4 0-1

[Event "FIDE Open 2012"]
[Site "Voronezh (Russia)"]
[Date "2012.06.14"]
[Round "3.17"]
[White "Pavlov, Nikolay"]
[Black "Nazarov, Ilya"]
[Result "0-1"]
[WhiteElo "2087"]
[BlackElo "1986"]
[Annotator ""]
[Source ""]
[Remark ""]

1.e4 d5 2.exd5 Qxd5 3.Nc3 Qd6 4.d4 Nf6 5.Nf3 Bg4 6.h3 Bxf3 7.Qxf3
c6 8.Be3 g6 9.O-O-O Bg7 10.Bf4 Qb4 11.a3 Qa5 12.Bc4 O-O 13.Rhe1
e6 14.g4 b5 15.Bxb5 Nd5 16.Nxd5 cxd5 17.Qe2 a6 18.Bd3 Bxd4 19.Be5
Bxe5 20.Qxe5 Nd7 21.Qg5 Nc5 22.Qd2 Qb6 23.h4 Rab8 24.Qb4 Qc6
25.Qc3 Rfc8 26.h5 Qb6 27.Qf6 Nd7 28.Qe7 Qxb2+ 29.Kd2 Qd4 30.Re2
Rxc2+ 31.Ke1 Rxe2+ 32.Bxe2 Qc3+ 33.Kf1 Nf8 34.Kg2 Rb2 35.Rd3
Qg7 36.Kf1 Qe5 37.Rf3 f5 38.gxf5 Qxe2+ 39.Kg2 exf5 40.Qf6 Rb1 0-1

[Event "FIDE Open 2012"]
[Site "Voronezh (Russia)"]
[Date "2012.06.14"]
[Round "3.18"]
[White "Aleksandrov, Grigoriy"]
[Black "Kiselev, Alexander S."]
[Result "0-1"]
[WhiteElo "1819"]
[BlackElo "2236"]
[Annotator ""]
[Source ""]
[Remark ""]

1.e4 c5 2.Nf3 a6 3.c4 Nc6 4.d4 cxd4 5.Nxd4 Nf6 6.Nc3 g6 7.Be3
d6 8.Bd3 Bg7 9.O-O Ng4 10.Nxc6 bxc6 11.Bd2 Ne5 12.Be2 f5 13.Qb3
Be6 14.f4 Nf7 15.exf5 Bxf5 16.Bf3 Qc7 17.Qa4 Bd7 18.Kh1 O-O 19.Rae1
e5 20.Qc2 Rae8 21.Ne4 exf4 22.Bxf4 Ne5 23.Bxe5 Bxe5 24.Nf2 Qd8
25.Ng4 Bg7 26.Qd2 h5 27.Nf2 Qh4 28.g3 Qd4 29.Qxd4 Bxd4 30.Rxe8
Bxe8 31.Nd3 Bd7 32.Kg2 Re8 33.b3 Re3 34.Nb4 Rc3 35.Bxc6 Bf5 36.Bd5+
Kg7 37.Rd1 Bb6 38.Rd2 a5 39.Nc6 Be3 40.Rb2 Kf6 41.Nxa5 Rc1 42.a3
Bd3 43.b4 g5 44.b5 Bf1+ 45.Kf3 Bb6 46.Rb3 Rc2 47.Ke4 Re2+ 48.Kf3 0-1

[Event "FIDE Open 2012"]
[Site "Voronezh (Russia)"]
[Date "2012.06.14"]
[Round "3.19"]
[White "Manukovsky, Vladimir"]
[Black "Gunchenko, Vadim"]
[Result "1-0"]
[WhiteElo "2238"]
[BlackElo "1893"]
[Annotator ""]
[Source ""]
[Remark ""]

1.e4 e6 2.Nc3 d5 3.Nf3 Nf6 4.e5 Nfd7 5.d4 c5 6.dxc5 Bxc5 7.Bd3
Nc6 8.Bf4 h6 9.h4 a6 10.Qe2 b5 11.Rh3 Bb7 12.Rg3 g6 13.a4 b4
14.Na2 Qb6 15.Nc1 Nd4 16.Nxd4 Bxd4 17.Rb1 g5 18.Be3 gxh4 19.a5
Qc7 20.Rg4 Bxe5 21.Rxb4 Qxa5 22.c3 Qc7 23.Rxh4 Bf6 24.Rh5 Ke7
25.Nb3 d4 26.Nxd4 Bxg2 27.Bxa6 Be4 28.Rd1 Rag8 29.Bb5 Rg1+ 30.Kd2
Rxd1+ 31.Qxd1 Ne5 32.Qb3 Nf3+ 33.Nxf3 Bxf3 34.Qb4+ Kd8 35.Qf8+ 1-0